000 00321nam a22001457a 4500
999 _c146004
_d146004
082 _aM2
_bDAM/P
100 _aDamodaran
245 _aPattabakki/
_cby Damodaran.
260 _a
_b
_c
300 _a
650 _aDrama Literature Malayalam
650 _aLiterature Malayalam
650 _aLiterature
942 _cBK